000 01030 a2200217 4500
003 Nust
005 20221117130529.0
010 _a 87028573
020 _a0471629472
040 _cNust
082 0 0 _a621.38,HAY
100 1 _aHaykin, Simon S.,
_997334
245 1 0 _aDigital communications /
_cSimon Haykin.
260 _aNew York :
_bWiley,
_cc1988.
300 _axiv, 597 p. :
_bill. ;
_c25 cm.
505 _aIntroduction (Page-1), Fundamental Limits on Performance (Page-13), Detection and Estimation (Page-57), Sampling Process (Page-134), Waveform Coding Techniques (Page-172), Basedband Shaping for Data Transmission (Page-234), Digital Modulation Techniques (Page-273), Error-Control Coding (Page-365), Spread Spectrum Modulation (Page-445), Data Networks (Page-474).
650 0 _aDigital communications.
_9237
856 4 2 _3Publisher description
_uhttp://www.loc.gov/catdir/description/wiley031/87028573.html
856 4 2 _3Table of Contents
_uhttp://www.loc.gov/catdir/toc/onix01/87028573.html
942 _2ddc
_cBK
999 _c181124
_d181124